| 000 | 00583nam a2200205Ia 4500 | ||
|---|---|---|---|
| 999 |
_c36259 _d36259 |
||
| 001 | 2164 | ||
| 003 | GE_BSU | ||
| 005 | 20221024160916.0 | ||
| 008 | 181216s2007en xx |||||||||||||| ||eng|| | ||
| 040 | _cGE_BSU | ||
| 041 | _aeng | ||
| 080 | _a811.111(075.8) A-18 | ||
| 100 |
_aAcklam, Richard. _93176 |
||
| 245 |
_aTotal. English.Pre-intermediate : _bStudents Book / _cRichard Acklam. |
||
| 264 |
_aEdinburgh, _c2007. |
||
| 300 |
_a160 p.: _b28 cm. |
||
| 653 | _aTotal. English.Pre-intermediate. Students Book | ||
| 653 | _aინგლისური ენა | ||
| 942 |
_cBK _2udc |
||